000 00995nam a2200325Ia 4500
003 OSt
005 20221007124000.0
006 a|||||r|||| 00| 0
007 ta
008 221006b |||||||| |||| 00| 0 eng d
020 _a9780716787242 (hbd)
024 _a83515
037 _cTextbook
040 _aCDL
_cCDL
_beng
041 _2eng
_aeng
082 _aE9G, P2;P7 Carc
100 _aBerg Jermey M
_9718258
245 0 _aBiochemistry
_b Tymoczko John L Stryer Lubert
250 _a6
260 _aNew
_bYork W H Freeman
_c2007
300 _axxxv, 1026p.
_ccm.
500 _aIncludes bibliographical references.; Appendix A-C, A1-A3p.; Glossary B1-B7p.; Index D1-D46p.
650 _a Biological moleculas
_9718259
650 _a Biology
650 _aBiochemistry
700 _a Stryer Lubert
700 _a Tymoczko John L
942 _hE9G, P2;P7 Carc
_cTB
_2CC
999 _c1212745
_d1212745